000 00927nam0a22002651 4500
001 v19\rc\1886784
005 20260406212438.0
035 _a(NLR Aleph) 004975190
090 _a6126731
_c6126732
100 _a20080221d1910 u y0rusy50 ca
101 0 _arus
102 _aRU
105 _ay b |||||
200 1 _aКаталог Тифлисской городской публичной библиотеки имени А.С. Пушкина
_e1910 г.
210 _aТифлис
_d1910
215 _a[2], 225 с., из них 78 с. для доп.
_d26
710 0 2 _aТифлисская городская публичная библиотека им. А. С. Пушкина
_3RU\NLR\AUTH\889969829
_9435940
801 0 _aRU
_bNLR
_gpsbo
801 0 _aRU
_bRuMoRGB
_2psbo
801 1 _aRU
_bProSoft-M
_2rusmarc
852 _aNLR
_bБ
_j9420/Т-459
899 _aRuMoRGB
_jR 31/79
899 _aБАН
942 _cBOOK
980 _aNB